Open to the Middle East the establishment of the diplomatic relations between Hungary and Yemen /

Elmentve itt :
Bibliográfiai részletek
Szerző: Prantner Zoltán
Dokumentumtípus: Cikk
Megjelent: Université de Szeged Szeged 2004
Sorozat:Mediterrán tanulmányok 13
Kulcsszavak:Politikatörténet - Magyarország, Politikatörténet - Közel-Kelet, Diplomácia - Magyarország-Jemen
Tárgyszavak:
Online Access:http://acta.bibl.u-szeged.hu/7702
LEADER 00865nab a2200205 i 4500
001 acta7702
005 20251128105344.0
008 161015s2004 hu o 000 eng d
022 |a 0238-8308 
040 |a SZTE Egyetemi Kiadványok Repozitórium  |b hun 
041 |a eng 
100 1 |a Prantner Zoltán 
245 1 0 |a Open to the Middle East   |h [elektronikus dokumentum] :  |b the establishment of the diplomatic relations between Hungary and Yemen /  |c  Prantner Zoltán 
260 |a Université de Szeged  |b Szeged  |c 2004 
300 |a 51-70 
490 0 |a Mediterrán tanulmányok  |v 13 
650 4 |a Bölcsészettudományok 
650 4 |a Történettudomány és régészet 
695 |a Politikatörténet - Magyarország, Politikatörténet - Közel-Kelet, Diplomácia - Magyarország-Jemen 
856 4 0 |u http://acta.bibl.u-szeged.hu/7702/1/mediterran_013_051-070.pdf  |z Dokumentum-elérés